Las 10 mejores naciones de fútbol de la UEFA - Estadísticas

Estadísticas generales
  • Esta prueba ha sido intentada 274 veces
  • La puntuación promedio es 9 de 10
Estadísticas de respuestas
# Respuesta % Correcto
3. España
100%
1. Inglaterra
99%
5. Francia
98%
2. Italia
98%
4. Alemania
97%
7. Portugal
92%
8. Bélgica
91%
6. Países Bajos
91%
9. Turquía
61%
10. República Checa
41%
No se encontraron pruebas coincidentes
Distribución de puntuación
Porcentaje de gente con cada puntuación
Porcentaje por número respondido
Historial de tus puntuaciones
No has intentado esta prueba.